រុក្ខវប្បកម្ម sivilculture (Record no. 9155)

000 -LEADER
fixed length control field 00303nam a22001217a 4500
040 ## - CATALOGING SOURCE
Transcribing agency HS
082 ## - DEWEY DECIMAL CLASSIFICATION NUMBER
Classification number 634
100 ## - MAIN ENTRY--AUTHOR NAME
Personal name សេង លឹមហុង
245 ## - TITLE STATEMENT
Title រុក្ខវប្បកម្ម sivilculture
260 ## - PUBLICATION, DISTRIBUTION, ETC. (IMPRINT)
Place of publication RUA
Name of publisher សេង លឹមហុង
Year of publication 2008
300 ## - PHYSICAL DESCRIPTION
Number of Pages 117p;
942 ## - ADDED ENTRY ELEMENTS (KOHA)
Koha item type សៀវភៅភាសាខ្មែរ
952 ## - LOCATION AND ITEM INFORMATION (KOHA)
Withdrawn status [LOCAL, KOHA] 0
Holdings
Permanent Location Date acquired Koha item type Lost status Shelving location Barcode Current Location Full call number
Library Block C2016-08-25សៀវភៅភាសាខ្មែរ C255RUA045702Library Block C634 សេង 2008 C255
មជ្ឈមណ្ឌលឯការនៃសាកលវិទ្យាល័យភូមិន្ទកសិកម្មចំការដូង

Powered by Koha